|
|
|
|
| LEADER |
00787ntm a2200181 i 4500 |
| 001 |
misc46822 |
| 005 |
20200507153258.0 |
| 008 |
200507s1908 hu o 0|| zxx d |
| 040 |
|
|
|a SZTE Miscellanea Repozitórium
|b hun
|
| 041 |
|
|
|a zxx
|
| 100 |
1 |
|
|a Uszkay Bálint
|
| 245 |
1 |
2 |
|a A Magyarországi Községi- és Közjegyzők Orsz. Központi Egyesületének javaslata a magyar királyi belügyminiszterhez a "cigánykérdés megoldása tárgyában"
|h [elektronikus dokumentum] /
|c Uszkay Bálint
|
| 260 |
|
|
|c 1908-09-28
|
| 300 |
|
|
|a 5
|
| 561 |
|
|
|a Herrmann Antal hagyaték
|
| 695 |
|
|
|a cigányügy, kóbor cigányok, cigányok letelepítése, törvényjavaslat
|
| 700 |
0 |
1 |
|a Andrássy Gyula
|
| 856 |
4 |
0 |
|u http://misc.bibl.u-szeged.hu/46822/1/hermann_antal_ms_1934_004_egyeb_059.pdf
|z Dokumentum-elérés
|